Top 20 Joueurs de tennis français ATP depuis 1990 - Statistiques

Statistiques générales
  • Ce quiz a été pris 101 fois
  • Le résultat moyen est 12 sur 20
Statistiques - réponses
Points Jetpunk Joueur % Correct
129 Gael MONFILS
99%
163 Jo Wilfried TSONGA
96%
19 Arthur FILS
94%
123 Richard GASQUET
94%
82 Gilles SIMON
81%
34 Ugo HUMBERT
74%
21 Benoit PAIRE
65%
29 Adrian MANNARINO
61%
33 Lucas POUILLE
60%
36 Arnaud CLEMENT
58%
72 Sebastien GROSJEAN
58%
78 Cedric PIOLINE
56%
44 Fabrice SANTORO
51%
69 Guy FORGET
51%
26 Michael LLODRA
44%
24 Paul Henri MATHIEU
43%
17 Jeremy CHARDY
32%
23 Julien BENNETEAU
32%
26 Nicolas ESCUDE
29%
30 Arnaud BOETSCH
20%
Aucun quiz correspondant
Distribution des résultats
% des personnes avec chaque résultat
Percentile par nombre de réponses
Votre historique - résultats
Vous n’avez pas pris ce quiz